02275nam a2200373 4500001000400000003000400004005001700008008004100025040000800066041001300074082001500087100003800102240001200140245006600152250001900218260004100237300001100278490003100289520115800320650002701478650002601505650001701531650001901548650003401567650002001601650001401621655001601635655002001651700003401671830003601705942001501741952013201756999001301888135OSt20250528074012.0250128b |||||||g |||| 00| 1 eng d bpor hengapor a823bC555m1 aChristie, Agatha,d1890-19769268 aN or M? aM ou N? /cChristie, Agatha ; Tradução de Newton Goldman a3° edição aRio de JaneirobNova Fronteirac1988 a195 p.1 aTommy e Tuppence Beresford aUm agente é friamente assassinado na Escócia depois de descobrir indícios de atividade nazista na Inglaterra no início da Segunda Guerra Mundial. Suas últimas palavras: “M ou N”. Com as missão de colaborar com o Serviço Secreto inglês, os jovens aventureiros Tommy e Tuppence seguem para a Escócia e se hospedam na pensão Sans Souci. A princípio, senhoras tricotando em cadeiras de balanço e homens que só falam de negócios não parecem ter qualquer relação com o crime. Mas essa é a única pista para solucionar a intrincada trama de crime e espionagem. E eles precisam decifrar o mistério antes que o assassino volte a agir. Dame Agatha Mary Clarissa Mallowan (Torquay, Devon, Inglaterra, Reino Unido, 15 de setembro de 1890 — Wallingford, Oxfordshire, Inglaterra, Reino Unido, 12 de janeiro de 1976), mundialmente conhecida como Agatha Christie, foi uma romancista policial britânica, autora de mais de oitenta livros. Seus livros são dos mais traduzidos de todo o planeta, superados apenas pela Bíblia e pelas obras de Shakespeare, com mais de 4 bilhões de cópias vendidas em diversas línguas 0aLiteratura Inglesa989 0aRomance Policial 911 0aSuspense910 0aMistério942 0aCrime e Investigação 913 0aClássicos977 0aFilme926 0aRomance923 0aFicção 922 aNewton GoldmaneTradutor9275 aTommy e Tuppence Beresford9291 2ddcn0cBK 00102ddc40708FICaBIBIBbBIBIBcLEd2000-07-21edoaçãol0o823 / C555mp2025-11469r2025-01-28 07:35:28w2025-01-28yBK c135d135